000 00521nam a2200169Ia 4500
003 GCL
008 140319s9999 xx 000 0 ara d
040 _aGCL /
_cGCL
082 0 4 _a813.03
_bى ك
100 1 _aيحيى حقى
245 1 0 _aكناسة الدكان سيرة ذاتية (هدية من الاديب عبدالفتاح الجمل) /
_cيحيى حقى
490 _aكتاب الهلال
_v0
650 0 4 _aالادب العربى
650 0 4 _aالادباء
650 0 4 _aيحيى حقى
942 _2ddc
_cBK
999 _c40140
_d40140